| LEADER |
01182nam0a2200229 450 |
| 001 |
16842515 |
| 010 |
|
|
|a 978-2-494102-06-4
|b br
|d 14,95
|
| 100 |
|
|
|a 20230607d2026 u u0frey01 ba
|
| 101 |
1 |
|
|a fre
|c jpn
|
| 102 |
|
|
|a FR
|
| 200 |
0 |
|
|a Seule la mort attend la vilaine
|f Suol, Gyeoeul Gwon
|g traduction, Studio Charon
|
| 207 |
|
1 |
|a
|
| 210 |
|
|
|a Paris
|c Kotoon
|d DL 2023
|
| 215 |
|
|
|a 1 vol. (264 p.)
|c ill. en coul.
|d 21 cm
|
| 330 |
|
|
|a Une aventure romantique et dangereuse au coeur d'un jeu vidéo aux règles peu ordinaires. Le soir du festival, Pénélope est bien décidée à sauver son nouveau prétendant, Eckles, persuadée qu'il l'aidera à finir le jeu. Il s'avère que c'est un homme plus dangereux qu'elle ne le pensait. Elle cherche alors un plan de secours auprès du mystérieux magicien Winter Vervandi. Pénélope arrivera-t-elle à en faire son allié ?...
|
| 461 |
|
0 |
|t Seule la mort attend la vilaine
|v 2
|
| 700 |
|
0 |
|a Gwon
|b Gyeoeul
|4 70
|
| 701 |
|
0 |
|a Suol
|4 70
|
| 711 |
0 |
2 |
|a Studio Charon
|4 730
|
| 900 |
|
|
|a Bande Dessinée enfant ado
|
| 901 |
|
|
|a Accessible au prêt
|
| 995 |
|
|
|a Bibliothèque
|c Bibliothèque
|f 024023680
|h 024023680
|k BDJ SUO
|o p
|q j
|r az
|e Bibliothèque
|